000 00721nam a22001577a 4500
008 130821s1727 sp gr spa
040 _aCo-BoUCM
_bspa
041 0 0 _aspa
100 _aTosca, Thomas Vicente, Pbro
_9149680
245 0 0 _aCompendio matemático en que se contienen todas las materias mas principales de las ciencias, tratan de la cantidad
_cThomas Vicente Tosca ; presbitero de la congregación del oratorio de San Felipe Neri de Valencia
260 _aValencia (España)
_bImprenta José García
_c1727
300 _a9 volúmenes
505 _av 1: Geometría elementar ; Arithmetica inferios ; Geometría pr ctica
942 _cLIBRO
_a25
_e1
_mT67
_n0
_2DEWEY
_h510
999 _c85923
_d85923